| 000 | 00842nam a2200265 i 4500 | ||
|---|---|---|---|
| 001 | 82203 | ||
| 003 | ES-MaACL | ||
| 005 | 20230906174628.0 | ||
| 007 | t| | ||
| 008 | 041201s1991 sp ||||1| spa d | ||
| 020 | _a84-320-4479-2 | ||
| 080 | _a264-041.6:392.6(430)"15" | ||
| 080 | _a392.6(430)"15" | ||
| 100 | 1 |
_aJacobelli, Maria Caterina. _965836 |
|
| 245 | 1 | 3 |
_aEl "risus paschalis" y el fundamento teológico del placer sexual / _cMaria Caterina Jacobelli ; traducción de Clara Cabarrocas. |
| 250 | _a[1ª ed.]. | ||
| 260 |
_aBarcelona : _bPlaneta, _c1991. |
||
| 300 |
_a165 p. ; _c21 cm. |
||
| 490 | 1 |
_aDocumento ; _v293 |
|
| 650 | 1 | 4 |
_aSexualidad- _xAspectos religiosos. _917079 |
| 700 | 1 |
_aCabarrocas, Clara. _933160 |
|
| 830 | 0 |
_aDocumento ; _v293 _9177347 |
|
| 852 |
_aES-MaACL _jE-10547 _bR.134683 |
||
| 999 |
_c82203 _d82203 |
||